[Event "World Blitz Women 2025"]
[Site "Doha QAT"]
[Date "2025.12.30"]
[Round "15.4"]
[White "Roebers, Eline"]
[Black "Garifullina, Leya"]
[Result "1-0"]
[WhiteTitle "IM"]
[BlackTitle "IM"]
[WhiteElo "2396"]
[BlackElo "2454"]
[WhiteFideId "1058401"]
[BlackFideId "34127035"]
[EventDate "2025.12.29"]

1. e4 c5 2. Nf3 d6 3. d4 cxd4 4. Nxd4 Nf6 5. Nc3 a6 6. a3 e5 7. Nf5 d5 8. Bg5 d4
9. Bxf6 gxf6 10. Nb1 Be6 11. Nd2 Nd7 12. Bc4 h5 13. Rc1 Qb6 14. O-O O-O-O 15. b4
Kb8 16. Bd5 Bxd5 17. exd5 Qb5 18. d6 Nb6 19. Ne4 Nc4 20. Nxf6 Nxd6 21. Nxd6 Bxd6
22. Qf3 Qc4 23. Rfd1 Qe6 24. c4 Rh6 25. Ne4 f5 26. Nxd6 Rxd6 27. c5 Rd5 28. a4
Rh8 29. b5 Rc8 30. Qb3 Ka7 31. bxa6 bxa6 32. Rb1 Qc6 33. Rdc1 Rd7 34. Qc4 d3 35.
Rb6 Qxb6 36. cxb6+ Kxb6 37. Qxc8 Rd4 38. Rb1+ 1-0

[Event "World Blitz Women 2025"]
[Site "Doha QAT"]
[Date "2025.12.30"]
[Round "15.5"]
[White "Munkhzul, Turmunkh"]
[Black "Salimova, Nurgyul"]
[Result "1/2-1/2"]
[WhiteTitle "WGM"]
[BlackTitle "IM"]
[WhiteElo "2271"]
[BlackElo "2396"]
[WhiteFideId "4901878"]
[BlackFideId "2915138"]
[EventDate "2025.12.29"]

1. e4 e5 2. Nf3 Nf6 3. d4 Nxe4 4. Bd3 d5 5. Nxe5 Nd7 6. Nc3 Nxc3 7. bxc3 Nxe5 8.
dxe5 Be7 9. O-O O-O 10. Qh5 g6 11. Qh6 c5 12. f4 c4 13. f5 Re8 14. fxg6 fxg6 15.
Be2 Bf8 16. Rxf8+ Rxf8 17. Bg5 Qb6+ 18. Kh1 Bf5 19. Bf3 Be4 20. Bxe4 dxe4 21.
Bf6 Rxf6 22. exf6 Qxf6 23. Qe3 Rf8 24. h3 Qe5 25. Re1 b5 26. Qxa7 Qg3 27. Rd1 e3
28. Qe7 Qf2 29. Qe6+ Kg7 30. Rd7+ Kh6 31. Qe7 Qf1+ 32. Kh2 Qf4+ 33. Kh1 Qf1+ 34.
Kh2 Qf4+ 35. Kh1 Qf1+ 1/2-1/2

[Event "World Blitz Women 2025"]
[Site "Doha QAT"]
[Date "2025.12.30"]
[Round "15.6"]
[White "Omonova, Umida"]
[Black "Nurman, Alua"]
[Result "1/2-1/2"]
[WhiteTitle "WIM"]
[BlackTitle "WGM"]
[WhiteElo "2294"]
[BlackElo "2367"]
[WhiteFideId "14210363"]
[BlackFideId "13729390"]
[EventDate "2025.12.29"]

1. e4 c5 2. Nf3 d6 3. Bb5+ Bd7 4. Bxd7+ Nxd7 5. O-O Ngf6 6. Qe2 e6 7. b3 Be7 8.
Bb2 a6 9. c4 Rc8 10. d4 cxd4 11. Nxd4 Qb6 12. Nd2 O-O 13. Rad1 Rfe8 14. Rfe1 Bf8
15. N2f3 g6 16. Nc2 e5 17. Ba3 a5 18. Ne3 Qc6 19. Nd5 Nxd5 20. Rxd5 a4 21. Red1
axb3 22. Bxd6 bxa2 23. Bxf8 Nxf8 24. Qxa2 Qxc4 25. Qb1 f6 26. Qxb7 Qxe4 27. Qa6
Qf4 28. Rd6 Rc1 29. Qa2+ Kh8 30. Qf7 Rxd1+ 31. Rxd1 Rc8 32. h3 e4 33. Nh2 e3 34.
fxe3 Qxe3+ 35. Kh1 Qe6 36. Qa7 Re8 37. Ng4 h5 38. Nh2 Qe7 39. Qb6 Kg7 40. Nf3
Qe6 41. Qb7+ Re7 42. Qb8 Nd7 43. Qd8 Qf7 44. Ra1 Nf8 45. Nd4 Rd7 46. Qb6 Qd5 47.
Nf3 Qd6 48. Qb3 Ne6 49. Re1 Nd4 50. Nxd4 Qxd4 51. Qe6 Qd6 52. Qe8 Ra7 53. Qc8
Qg3 54. Rd1 Qe5 55. Qc1 Re7 56. Qc8 Qf4 57. Qc2 Qg3 58. Qc1 h4 59. Rf1 Qe3 60.
Qa1 Qe5 61. Qa4 g5 1/2-1/2

[Event "World Blitz Women 2025"]
[Site "Doha QAT"]
[Date "2025.12.30"]
[Round "15.7"]
[White "Goryachkina, Aleksandra"]
[Black "Lagno, Kateryna"]
[Result "1/2-1/2"]
[WhiteTitle "GM"]
[BlackTitle "GM"]
[WhiteElo "2534"]
[BlackElo "2508"]
[WhiteFideId "4147103"]
[BlackFideId "14109336"]
[EventDate "2025.12.29"]

1. e4 e5 2. Nf3 d6 3. d4 exd4 4. Qxd4 Nc6 5. Bb5 Bd7 6. Qd3 Nf6 7. Nc3 Be7 8.
Bxc6 Bxc6 9. Bf4 O-O 10. O-O-O Qc8 11. Rhe1 Re8 12. Nd4 Nd7 13. Qg3 Bf8 14. Nf5
Kh8 15. f3 Ne5 16. h4 b5 17. h5 h6 18. Nd5 Bxd5 19. Rxd5 Nc4 20. Kb1 Qe6 21. Bc1
c6 22. Rdd1 b4 23. b3 Na3+ 24. Bxa3 bxa3 25. Nxd6 Red8 26. Nc4 Bb4 27. Rf1 Qf6
28. Qe5 Qh4 29. Qc7 Qf6 30. e5 Qh4 31. Rxd8+ Rxd8 32. g3 Qd4 33. Rc1 Bc3 34. Nd6
Rf8 35. Nxf7+ Kg8 36. Nd6 Ba1 37. Nc4 Rxf3 38. Qd6 Qe4 39. Nd2 Qe3 40. Qd3 Bb2
41. Qxe3 Rxe3 42. Rd1 Rxe5 43. Nc4 Rxh5 44. Nxb2 axb2 45. Kxb2 Rg5 1/2-1/2

[Event "World Blitz Women 2025"]
[Site "Doha QAT"]
[Date "2025.12.30"]
[Round "15.8"]
[White "Divya, Deshmukh"]
[Black "Badelka, Olga"]
[Result "1/2-1/2"]
[WhiteTitle "GM"]
[BlackTitle "IM"]
[WhiteElo "2497"]
[BlackElo "2395"]
[WhiteFideId "35006916"]
[BlackFideId "13509926"]
[EventDate "2025.12.29"]

1. e4 c5 2. Nc3 Nc6 3. Nge2 e5 4. g3 d6 5. Bg2 g6 6. d3 Bg7 7. O-O Nge7 8. Be3
Nd4 9. Qd2 O-O 10. Nd5 Nxd5 11. exd5 Nxe2+ 12. Qxe2 Bf5 13. Rad1 Qd7 14. Rfe1 b5
15. c3 a5 16. Qd2 a4 17. f4 exf4 18. Bxf4 Rfe8 19. Bf3 Rxe1+ 20. Rxe1 a3 21. b3
h5 22. Kf2 Rc8 23. Be4 Bxe4 24. dxe4 Qh3 25. Kg1 b4 26. cxb4 cxb4 27. Rc1 Rxc1+
28. Qxc1 Bd4+ 29. Be3 Bxe3+ 30. Qxe3 Qg4 31. Qd3 h4 32. Kg2 h3+ 33. Kf2 Qg5 34.
Qd4 Qc1 35. Qe3 Qb2+ 36. Qe2 Kg7 37. Ke3 f5 38. exf5 gxf5 39. Qh5 Qc3+ 40. Kf4
Qe5+ 41. Kf3 Qe4+ 42. Kf2 Qc2+ 43. Ke3 Qxa2 44. Qg5+ Kf7 45. Qxf5+ Kg7 46. Qg5+
Kf7 47. Qf5+ Kg7 48. Ke4 1/2-1/2

[Event "World Blitz Women 2025"]
[Site "Doha QAT"]
[Date "2025.12.30"]
[Round "15.9"]
[White "Injac, Teodora"]
[Black "Arabidze, Meri"]
[Result "1/2-1/2"]
[WhiteTitle "IM"]
[BlackTitle "IM"]
[WhiteElo "2421"]
[BlackElo "2413"]
[WhiteFideId "932400"]
[BlackFideId "13604040"]
[EventDate "2025.12.29"]

1. Nf3 Nf6 2. c4 e6 3. g3 d5 4. Bg2 Be7 5. O-O O-O 6. d3 b6 7. cxd5 exd5 8. d4
Bb7 9. Nc3 c5 10. Bf4 Nc6 11. e3 Re8 12. h4 h6 13. Rc1 Bf8 14. Ne5 Na5 15. Qf3
Qe7 16. Rfd1 c4 17. g4 Ne4 18. Nxe4 dxe4 19. Qh3 b5 20. d5 Rad8 21. d6 Rxd6 22.
Rxd6 Qxd6 23. Nxc4 Qb4 24. a3 Qa4 25. Nd6 Bxd6 26. Bxd6 Nc4 27. Bb4 Rd8 28. g5
Rd1+ 29. Rxd1 Qxd1+ 30. Kh2 hxg5 31. hxg5 a5 32. Bc3 b4 33. axb4 axb4 34. Bd4
Nd2 35. Qd7 Qh5+ 36. Kg1 Qd1+ 37. Kh2 Qh5+ 38. Kg1 Qd1+ 39. Kh2 1/2-1/2

[Event "World Blitz Women 2025"]
[Site "Doha QAT"]
[Date "2025.12.30"]
[Round "15.10"]
[White "Mungunzul, Bat-Erdene"]
[Black "Bulmaga, Irina"]
[Result "0-1"]
[WhiteTitle "WIM"]
[BlackTitle "IM"]
[WhiteElo "2350"]
[BlackElo "2389"]
[WhiteFideId "4902831"]
[BlackFideId "13903063"]
[EventDate "2025.12.29"]

1. d4 Nf6 2. c4 e6 3. Nf3 b6 4. g3 Bb7 5. Bg2 Be7 6. O-O O-O 7. Nc3 Ne4 8. Bd2
f5 9. Rc1 d6 10. Ne1 Nxc3 11. Bxc3 Bxg2 12. Nxg2 Bg5 13. e3 Nd7 14. h4 Bh6 15.
Nf4 Bxf4 16. exf4 Nf6 17. Re1 Ne4 18. f3 Nxg3 19. Rxe6 Qxh4 20. Qd2 Rae8 21. d5
Rxe6 22. dxe6 Re8 23. Qg2 Rxe6 24. Be1 Rg6 25. Rc2 Qxf4 26. Bd2 Qd4+ 27. Kh2
Qh4+ 28. Kg1 Ne2+ 29. Kf1 Rxg2 30. Kxg2 Qg3+ 31. Kf1 Nd4 32. Rc3 Nxf3 33. Be3 h5
34. Bf2 Qg4 35. Re3 h4 36. b3 h3 37. Ke2 h2 38. Kd3 0-1

[Event "World Blitz Women 2025"]
[Site "Doha QAT"]
[Date "2025.12.30"]
[Round "15.11"]
[White "Shukhman, Anna"]
[Black "Yip, Carissa"]
[Result "1-0"]
[WhiteTitle "WGM"]
[BlackTitle "IM"]
[WhiteElo "2431"]
[BlackElo "2459"]
[WhiteFideId "54180058"]
[BlackFideId "2090732"]
[EventDate "2025.12.29"]

1. e4 g6 2. d4 Bg7 3. Nc3 d6 4. f4 a6 5. Nf3 Nd7 6. Bd3 c5 7. Be3 Ngf6 8. h3
cxd4 9. Nxd4 Nc5 10. Qf3 O-O 11. O-O-O b5 12. e5 Bb7 13. exf6 Bxf3 14. fxg7 Bxd1
15. gxf8=Q+ Kxf8 16. Rxd1 b4 17. Nce2 Rc8 18. f5 Qa5 19. Bc4 Na4 20. Bb3 gxf5
21. Bh6+ Kg8 22. Rd3 f4 23. Nxf4 Nc5 24. Rg3+ Kh8 25. Bxf7 1-0

[Event "World Blitz Women 2025"]
[Site "Doha QAT"]
[Date "2025.12.30"]
[Round "15.12"]
[White "Khafizova, Diana"]
[Black "Ju, Wenjun"]
[Result "0-1"]
[WhiteTitle "WFM"]
[BlackTitle "GM"]
[WhiteElo "2234"]
[BlackElo "2565"]
[WhiteFideId "34378049"]
[BlackFideId "8603006"]
[EventDate "2025.12.29"]

1. d4 Nf6 2. c4 e6 3. Nf3 b6 4. g3 Bb7 5. Bg2 Be7 6. O-O O-O 7. Nc3 Ne4 8. Bd2
Nxd2 9. Qxd2 d6 10. e4 Nd7 11. Rfe1 h6 12. Rad1 Rc8 13. h4 a6 14. Qc2 c5 15. d5
e5 16. Rf1 Rb8 17. a4 Bc8 18. Ne1 Nf6 19. Nd3 Ng4 20. Ne1 f5 21. Qe2 f4 22. Bf3
h5 23. Ng2 Qe8 24. Rd3 Bd7 25. b3 Qg6 26. Qd2 Qh6 27. Ne2 g5 28. hxg5 Bxg5 29.
Qc3 Rf7 30. b4 Rbf8 31. a5 cxb4 32. Qxb4 bxa5 33. Qxa5 fxg3 34. fxg3 Ne3 35.
Nxe3 Bxe3+ 36. Kg2 h4 37. g4 h3+ 38. Kg3 h2 39. Qe1 Rxf3+ 40. Rxf3 Rxf3+ 41.
Kxf3 h1=Q+ 42. Qxh1 Qxh1+ 43. Kxe3 Bxg4 44. c5 Qf3+ 45. Kd2 Qxe2+ 0-1

[Event "World Blitz Women 2025"]
[Site "Doha QAT"]
[Date "2025.12.30"]
[Round "15.13"]
[White "Danielian, Elina"]
[Black "Koneru, Humpy"]
[Result "0-1"]
[WhiteTitle "GM"]
[BlackTitle "GM"]
[WhiteElo "2408"]
[BlackElo "2535"]
[WhiteFideId "13300210"]
[BlackFideId "5008123"]
[EventDate "2025.12.29"]

1. d4 f5 2. g3 Nf6 3. Bg2 e6 4. Nf3 b6 5. O-O Bb7 6. c4 Be7 7. Nc3 O-O 8. d5 Qc8
9. Nd4 Na6 10. a3 Nc5 11. Qc2 a5 12. b3 g6 13. dxe6 Nxe6 14. Nxe6 dxe6 15. Bb2
Bxg2 16. Kxg2 Qb7+ 17. Kg1 Rad8 18. Rad1 Ng4 19. Nb5 c6 20. Nd4 Qc8 21. h3 Nf6
22. Qc3 Ne4 23. Qc2 Bf6 24. Nf3 Qc7 25. Bxf6 Nxf6 26. Qb2 Ne4 27. Kg2 h6 28. Rd3
Rxd3 29. exd3 Nc5 30. Qc3 Rd8 31. d4 Ne4 32. Qe3 Kg7 33. Rd1 Qd6 34. Ne5 c5 35.
f3 cxd4 36. Qf4 g5 37. Qc1 Qxe5 38. fxe4 fxe4 39. Rf1 Rf8 40. Re1 e3 41. Rf1
Qe4+ 42. Kg1 e2 43. Re1 d3 44. Qc3+ Kg6 45. c5 Qe3+ 46. Kg2 Rf2+ 0-1

[Event "World Blitz Women 2025"]
[Site "Doha QAT"]
[Date "2025.12.30"]
[Round "15.14"]
[White "Muzychuk, Mariya"]
[Black "Kosteniuk, Alexandra"]
[Result "1/2-1/2"]
[WhiteTitle "GM"]
[BlackTitle "GM"]
[WhiteElo "2475"]
[BlackElo "2483"]
[WhiteFideId "14114550"]
[BlackFideId "4128125"]
[EventDate "2025.12.29"]

1. e4 c6 2. d4 d5 3. Nc3 dxe4 4. Nxe4 Nf6 5. Nxf6+ exf6 6. c3 Bd6 7. Bd3 O-O 8.
Qc2 Re8+ 9. Be3 g6 10. Ne2 Nd7 11. h4 f5 12. O-O-O Nf6 13. Bg5 Be7 14. Ng3 Be6
15. h5 Ng4 16. Bxe7 Qxe7 17. hxg6 hxg6 18. Rde1 Qg5+ 19. Kb1 Bd5 20. f3 Nf6 21.
Qf2 Rxe1+ 22. Rxe1 Re8 23. Rxe8+ Nxe8 24. Kc2 Nd6 25. b3 b5 26. Nf1 f4 27. Nd2
Nf5 28. Ne4 Qe7 29. Kb2 Ne3 30. Qe2 f5 31. Nc5 Qg5 32. c4 bxc4 33. bxc4 Bf7 34.
Kc3 Qxg2 35. Qxg2 Nxg2 36. Nd7 Kg7 37. Ne5 Be8 38. d5 Kf6 39. Nxc6 Bxc6 40. dxc6
Ke7 41. c5 Ne1 42. Ba6 Kd8 43. Kd4 Nxf3+ 44. Kd5 Kc7 45. Bd3 Ne1 46. Bf1 Nc2 47.
Ke5 g5 48. Bg2 Ne3 49. Bh1 a5 50. a4 Nd1 51. Kxf5 Nc3 52. Kxg5 Nxa4 53. Kxf4
Nxc5 54. Ke3 a4 55. Kd4 a3 56. Bd5 Na4 57. Ba2 Kxc6 58. Kc4 Nc5 59. Kb4 1/2-1/2

[Event "World Blitz Women 2025"]
[Site "Doha QAT"]
[Date "2025.12.30"]
[Round "15.15"]
[White "Shuvalova, Polina"]
[Black "Maltsevskaya, Aleksandra"]
[Result "0-1"]
[WhiteTitle "IM"]
[BlackTitle "IM"]
[WhiteElo "2502"]
[BlackElo "2398"]
[WhiteFideId "24171760"]
[BlackFideId "24174041"]
[EventDate "2025.12.29"]

1. e4 c5 2. Nf3 d6 3. Bb5+ Nc6 4. O-O Bd7 5. Re1 a6 6. Bxc6 Bxc6 7. d4 cxd4 8.
Nxd4 Rc8 9. c4 g6 10. Nc3 Bg7 11. Be3 Nf6 12. f3 Bd7 13. Qd3 Qc7 14. b3 b5 15.
Nd5 Nxd5 16. cxd5 Qc3 17. Qxc3 Rxc3 18. Kf2 O-O 19. Rac1 Rfc8 20. Ne2 Rc2 21.
Rxc2 Rxc2 22. Rc1 Rxa2 23. Rc7 Be8 24. Rxe7 Kf8 25. Rb7 b4 26. Bf4 Bd4+ 27. Kg3
Bc5 28. Nd4 Bxd4 29. Bxd6+ Kg7 30. Bxb4 g5 31. Bd6 Bb5 32. h4 h6 33. hxg5 hxg5
34. e5 Bf1 35. Kg4 Kg6 36. g3 Rh2 37. f4 Be2# 0-1

[Event "World Blitz Women 2025"]
[Site "Doha QAT"]
[Date "2025.12.30"]
[Round "15.16"]
[White "Kamalidenova, Meruert"]
[Black "Dronavalli, Harika"]
[Result "1-0"]
[WhiteTitle "IM"]
[BlackTitle "GM"]
[WhiteElo "2366"]
[BlackElo "2466"]
[WhiteFideId "13712802"]
[BlackFideId "5015197"]
[EventDate "2025.12.29"]

1. e4 e6 2. d4 d5 3. e5 c5 4. c3 Qa5 5. dxc5 Qc7 6. Nf3 Bxc5 7. Bd3 Nc6 8. Bf4
Nge7 9. O-O f5 10. Bb5 Ng6 11. Qd2 O-O 12. Bxc6 bxc6 13. b4 Be7 14. Na3 a5 15.
Nc2 Ba6 16. Rfe1 c5 17. bxc5 Qxc5 18. Be3 Qc7 19. Ncd4 f4 20. Nxe6 fxe3 21. Qxd5
exf2+ 22. Kxf2 Qc4 23. Qxc4 Bxc4 24. Nxf8 Rxf8 25. Kg3 h5 26. h3 h4+ 27. Kh2 Bc5
28. Rad1 Bf2 29. Re4 Bg3+ 30. Kg1 Bxa2 31. e6 Re8 32. Nd4 a4 33. Ra1 Bd5 34. Rg4
Ne5 35. Rg5 Bb3 36. Nf5 Rxe6 37. Rxg7+ Kf8 38. Rb7 Nd3 39. Rf1 Re1 40. Nxg3+
Rxf1+ 41. Nxf1 Nc5 42. Ra7 Ne4 43. Ne3 Nxc3 44. Kf2 Nb5 45. Ra5 Nd4 46. Ke1 Ke8
47. Kd2 Kd7 48. Kc3 Ne2+ 49. Kb4 Ke6 50. Rh5 Nd4 51. Rxh4 Nc6+ 52. Ka3 Ne5 53.
Re4 Kd6 54. g4 Nc6 55. g5 Na7 56. Rb4 Kc5 57. g6 Nb5+ 58. Rxb5+ Kxb5 59. Nf5 1-0

[Event "World Blitz Women 2025"]
[Site "Doha QAT"]
[Date "2025.12.30"]
[Round "15.17"]
[White "Khamdamova, Afruza"]
[Black "Iudina, Veronika"]
[Result "0-1"]
[WhiteTitle "WGM"]
[BlackTitle "WFM"]
[WhiteElo "2403"]
[BlackElo "2204"]
[WhiteFideId "14210444"]
[BlackFideId "24277916"]
[EventDate "2025.12.29"]

1. e4 e5 2. Nf3 Nc6 3. Bb5 a6 4. Ba4 Nf6 5. O-O b5 6. Bb3 Bc5 7. c3 d6 8. d4 Bb6
9. Be3 O-O 10. Nbd2 Re8 11. Re1 Na5 12. Bc2 c5 13. h3 cxd4 14. cxd4 Nc6 15. Nb3
Nb4 16. Bb1 Bb7 17. Bg5 h6 18. Bh4 Qe7 19. Qd2 a5 20. Bg3 Nc6 21. d5 Nb8 22. a4
b4 23. Bd3 Nbd7 24. Bb5 Ba6 25. Qd3 Bxb5 26. Qxb5 Reb8 27. Qd3 Nh5 28. Bh2 Qf6
29. Rac1 Bc5 30. Qd2 Rc8 31. Rc2 g5 32. Rec1 Nf4 33. Bxf4 gxf4 34. Qe2 Kh8 35.
Ne1 Rg8 36. Kh1 Rg5 37. Nd3 Rag8 38. Rg1 f3 39. Qd1 fxg2+ 40. Kh2 Qg6 41. Nbxc5
dxc5 42. Qf3 f5 43. exf5 Rxf5 44. Qe4 Nf6 45. Qe3 Rh5 46. Qf3 e4 47. Nf4 exf3
48. Nxg6+ Rxg6 49. Rxc5 Ng4+ 50. Kg3 Ne5+ 51. Kh2 Ng4+ 52. Kg3 Ne5+ 53. Kh2 Nd3
54. Rc8+ Rg8 55. Rxg8+ Kxg8 56. d6 Nf4 57. Kg3 Ne2+ 58. Kg4 Rd5 59. Rh1 0-1

[Event "World Blitz Women 2025"]
[Site "Doha QAT"]
[Date "2025.12.30"]
[Round "15.18"]
[White "Mammadova, Gulnar"]
[Black "Lei, Tingjie"]
[Result "1-0"]
[WhiteTitle "IM"]
[BlackTitle "GM"]
[WhiteElo "2330"]
[BlackElo "2569"]
[WhiteFideId "13403508"]
[BlackFideId "8605114"]
[EventDate "2025.12.29"]

1. e4 e6 2. d4 d5 3. e5 c5 4. c3 Nc6 5. Nf3 Bd7 6. Bd3 cxd4 7. O-O h6 8. h4 Rc8
9. Qe2 dxc3 10. bxc3 Bc5 11. Nbd2 a6 12. Nb3 Ba7 13. Ba3 Nge7 14. Rab1 b5 15.
Bd6 O-O 16. Bc2 f5 17. Nc5 Bxc5 18. Bxc5 Na5 19. Bd4 Nc4 20. h5 Be8 21. Nh2 Bf7
22. g4 Qe8 23. Bd3 fxg4 24. Qxg4 Nf5 25. Bxf5 exf5 26. Qf4 Be6 27. Kh1 Qxh5 28.
Rg1 Kh7 29. a4 g5 30. Qc1 f4 31. axb5 axb5 32. Rxb5 Bf5 33. f3 Rb8 34. Rxb8 Rxb8
35. Qa1 Qf7 36. Qa6 Rb2 37. Qc6 Ra2 38. Re1 Be6 39. Rb1 Rb2 40. Ra1 Rb7 41. Ra8
Rb1+ 42. Kg2 Rb2+ 43. Kh1 Qh5 44. Ra7+ Bf7 45. Rxf7+ Qxf7 46. e6 Qb7 47. Qe8
Rb1+ 48. Kg2 Rb2+ 49. Kh3 Nd6 50. Qh8+ Kg6 51. Ng4 Nf5 52. Ne5+ Kh5 53. Qe8+ 1-0

[Event "World Blitz Women 2025"]
[Site "Doha QAT"]
[Date "2025.12.30"]
[Round "15.19"]
[White "Tarasenka, Aliaksandra"]
[Black "Khademalsharieh, Sarasadat"]
[Result "0-1"]
[WhiteTitle "WIM"]
[BlackTitle "IM"]
[WhiteElo "2266"]
[BlackElo "2414"]
[WhiteFideId "13514288"]
[BlackFideId "12512214"]
[EventDate "2025.12.29"]

1. e4 e5 2. Nf3 Nc6 3. Bc4 Bc5 4. c3 Nf6 5. d3 a6 6. a4 h6 7. O-O d6 8. Re1 Ba7
9. b4 Be6 10. Bxe6 fxe6 11. Nbd2 O-O 12. h3 Ne7 13. Nc4 Ng6 14. Qb3 Nh5 15. Be3
Rxf3 16. gxf3 Nhf4 17. Kf1 Qg5 18. Red1 Nh4 19. Bxf4 Qg2+ 0-1

[Event "World Blitz Women 2025"]
[Site "Doha QAT"]
[Date "2025.12.30"]
[Round "15.20"]
[White "Mammadzada, Gunay"]
[Black "Luong Phuong Hanh"]
[Result "1-0"]
[WhiteTitle "IM"]
[BlackTitle "WIM"]
[WhiteElo "2390"]
[BlackElo "2236"]
[WhiteFideId "13403729"]
[BlackFideId "12401013"]
[EventDate "2025.12.29"]

1. Nf3 Nf6 2. c4 e6 3. g3 d5 4. d4 c5 5. Bg2 Nc6 6. O-O Be7 7. cxd5 exd5 8. dxc5
Bxc5 9. Bg5 Be7 10. Nc3 Be6 11. Nd4 Nxd4 12. Qxd4 O-O 13. Rfd1 Qa5 14. e3 Rac8
15. Rac1 h6 16. Bf4 Rfd8 17. Be5 Bg4 18. Bxf6 Rc4 19. Bxe7 Rxd4 20. Rxd4 Re8 21.
Bb4 Qb6 22. Rxg4 a5 23. Nxd5 Qe6 24. Re4 Qd7 25. Rxe8+ Qxe8 26. Rc8 1-0

[Event "World Blitz Women 2025"]
[Site "Doha QAT"]
[Date "2025.12.30"]
[Round "15.21"]
[White "Nomin-Erdene, Davaademberel"]
[Black "Francisco Guecamburu, Candela Be"]
[Result "1-0"]
[WhiteTitle "IM"]
[BlackTitle "WGM"]
[WhiteElo "2312"]
[BlackElo "2238"]
[WhiteFideId "4900782"]
[BlackFideId "160911"]
[EventDate "2025.12.29"]

1. e4 e5 2. Nf3 Nc6 3. Bc4 Nf6 4. Ng5 d5 5. exd5 Na5 6. Bb5+ c6 7. dxc6 bxc6 8.
Bd3 Be7 9. Nc3 h6 10. Nf3 Qc7 11. O-O O-O 12. Re1 Bd6 13. Bf1 Re8 14. d3 Bg4 15.
h3 Bh5 16. Ne4 Nxe4 17. dxe4 Rad8 18. Qe2 c5 19. g4 Bg6 20. Nh4 Be7 21. Nf5 Bg5
22. Bxg5 hxg5 23. Ng3 Nc6 24. c3 Rd6 25. Rad1 Red8 26. Rxd6 Qxd6 27. Qe3 f6 28.
Be2 Qd2 29. Bb5 Ne7 30. Qxd2 Rxd2 31. Re2 Rd1+ 32. Nf1 Bf7 33. Rd2 Rxd2 34. Nxd2
Bxa2 35. b3 Nc8 36. Kf1 Nb6 37. Ke1 a5 38. Kd1 a4 39. bxa4 Be6 40. a5 Na8 41. a6
Nc7 42. a7 Bc8 43. Bc6 Ba6 44. a8=Q+ Nxa8 45. Bxa8 Kf7 46. Bd5+ Ke7 47. Nc4 Bb5
48. Kc2 Ba4+ 49. Kb2 Bd1 50. Ne3 Be2 51. Kb3 g6 52. c4 Kd6 53. Ka4 Bd3 54. Kb5
Bb1 55. Kb6 Bd3 56. Kb5 Bb1 57. f3 Bd3 58. Bf7 Be2 59. Bxg6 Bxf3 60. Nf5+ Kc7
61. Ne7 Bg2 62. Kxc5 Bxh3 63. Bf5 Bf1 64. Ng8 Be2 65. Nxf6 Kd8 66. Nh7 Ke7 67.
Nxg5 Kf6 68. Ne6 Bf3 69. Kd6 Kf7 70. c5 Be2 71. c6 Ba6 72. c7 Kf6 73. Nc5 1-0

[Event "World Blitz Women 2025"]
[Site "Doha QAT"]
[Date "2025.12.30"]
[Round "15.22"]
[White "Zhapova, Yana"]
[Black "Charkhalashvili, Inga"]
[Result "0-1"]
[WhiteTitle "FM"]
[BlackTitle "WGM"]
[WhiteElo "2260"]
[BlackElo "2235"]
[WhiteFideId "24278670"]
[BlackFideId "13601431"]
[EventDate "2025.12.29"]

1. e4 c6 2. d4 d5 3. e5 Bf5 4. Nf3 e6 5. Be2 Ne7 6. c3 Nd7 7. O-O c5 8. Na3 Nc6
9. Nc2 Be7 10. Bd3 Bg4 11. h3 Bh5 12. Be3 cxd4 13. cxd4 Rc8 14. Rc1 a6 15. Be2
O-O 16. Nfe1 Bg6 17. Nd3 Na5 18. b3 Nc6 19. Qd2 Qa5 20. b4 Qb6 21. a3 a5 22. Nc5
Nxc5 23. bxc5 Qb3 24. f4 Be4 25. Bf3 Rb8 26. Bxe4 dxe4 27. f5 exf5 28. Rxf5 Rfd8
29. Qf2 Qe6 30. Rf1 f6 31. exf6 Bxf6 32. Qg3 Kh8 33. d5 Rxd5 34. Nd4 Rxd4 35.
Bxd4 Bxd4+ 36. Kh1 Rg8 37. Rf7 Bxc5 38. Rxb7 Bd6 39. Qc3 Ne7 40. Re1 Nf5 41. g4
Ne7 42. Qd4 Qh6 43. Kg2 Ng6 44. Re3 Nh4+ 45. Kh1 Nf3 0-1

[Event "World Blitz Women 2025"]
[Site "Doha QAT"]
[Date "2025.12.30"]
[Round "15.23"]
[White "Nurgaliyeva, Zarina"]
[Black "Gong, Qianyun"]
[Result "1-0"]
[WhiteTitle "WIM"]
[BlackTitle "WGM"]
[WhiteElo "2305"]
[BlackElo "2228"]
[WhiteFideId "13730096"]
[BlackFideId "8602425"]
[EventDate "2025.12.29"]

1. e4 e6 2. d4 d5 3. e5 c5 4. c3 Nc6 5. Nf3 Nge7 6. Na3 cxd4 7. cxd4 Nf5 8. Nc2
Be7 9. Bd3 h6 10. O-O O-O 11. g4 Nh4 12. Nxh4 Bxh4 13. f4 f5 14. exf6 Bxf6 15.
Be3 Bd7 16. g5 hxg5 17. Qh5 Rf7 18. fxg5 g6 19. Bxg6 Rg7 20. gxf6 1-0

[Event "World Blitz Women 2025"]
[Site "Doha QAT"]
[Date "2025.12.30"]
[Round "15.24"]
[White "Tan, Zhongyi"]
[Black "Gaal, Zsoka"]
[Result "1-0"]
[WhiteTitle "GM"]
[BlackTitle "IM"]
[WhiteElo "2524"]
[BlackElo "2374"]
[WhiteFideId "8603642"]
[BlackFideId "777765"]
[EventDate "2025.12.29"]

1. d4 Nf6 2. c4 g6 3. Nc3 d5 4. cxd5 Nxd5 5. g3 Bg7 6. Bg2 Nb6 7. Nf3 O-O 8. O-O
Nc6 9. d5 Na5 10. Qc2 c6 11. dxc6 Nxc6 12. Rd1 Bd7 13. Qe4 Rc8 14. Be3 Qe8 15.
Rac1 Bf5 16. Qh4 Nd7 17. Bh6 Nf6 18. Ng5 Ne5 19. Nd5 Rxc1 20. Rxc1 Nh5 21. Bxg7
Kxg7 22. Qd4 f6 23. Nf3 Nc6 24. Qa4 Qd7 25. Ne3 Bh3 26. g4 Bxg2 27. Kxg2 b5 28.
Qe4 f5 29. Qxc6 Nf4+ 30. Kf1 Qd8 31. Qc7 Qe8 32. Qxf4 1-0

[Event "World Blitz Women 2025"]
[Site "Doha QAT"]
[Date "2025.12.30"]
[Round "15.25"]
[White "Nguyen Hong Nhung"]
[Black "Vaishali, Rameshbabu"]
[Result "0-1"]
[WhiteTitle "FM"]
[BlackTitle "GM"]
[WhiteElo "2268"]
[BlackElo "2473"]
[WhiteFideId "12412201"]
[BlackFideId "5091756"]
[EventDate "2025.12.29"]

1. e4 Nc6 2. d4 d6 3. Nc3 g6 4. Be3 Bg7 5. f4 Nf6 6. h3 O-O 7. Nf3 a6 8. Bd3 b5
9. O-O b4 10. Ne2 Bb7 11. c3 a5 12. Qe1 bxc3 13. bxc3 Ba6 14. Bc2 d5 15. e5 Ne4
16. Ng5 Nxg5 17. fxg5 f6 18. exf6 exf6 19. gxf6 Rxf6 20. Rxf6 Qxf6 21. Nf4 Re8
22. Nxd5 Qd6 23. Bb3 Kh8 24. Qd2 a4 25. Bf4 Qd7 26. Nxc7 Re2 27. Qd1 axb3 28.
Nxa6 b2 29. Rb1 Qe7 30. Nc5 g5 31. Bxg5 Qe8 32. Bd2 Nxd4 33. Rxb2 Nf5 34. Rb1
Ng3 35. Bf4 Nh5 36. Bg5 h6 37. Bh4 Nf4 38. Bf2 Qg6 39. Rb8+ Kh7 40. Qf1 Nxh3+
41. Kh2 Rxf2 42. Qh1 Nf4 43. Kg1 Rxg2+ 44. Kf1 Qg3 45. Ne4 Qf3+ 46. Ke1 Qe2# 0-1